000 00525nam a2200193Ia 4500
005 20260120131739.0
008 008 260114s9999 xx 000 0 eng d
020 _a9780190942335
037 _aEBOOK
040 _aCRL
_beng
_cCRL
041 _aeng
_2eng
084 _qCRL
100 _aMwambari
_9930713
245 0 _aNavigating Cultural Memory
260 _bOxford University PressOxford University Press
_c2023
856 _uhttps://academic.oup.com/book/46500
942 _cEBOOK
999 _c1522635
_d1522635